000 00632nam a2200265Ia 4500
005 20260121161431.0
008 008 260114s9999 xx 000 0 eng d
020 _a9780429094163
037 _aEBOOK
040 _aCRL
040 _beng
040 _cCRL
041 _2eng
041 _aeng
084 _qCRL
100 _aFish Reproduction
_91044721
245 0 _aMaria J Rocha
260 _bTaylor and Francis
260 _c2008
650 _aMarine & Aquatic Science
_91044722
856 _uhttp://www.taylorfrancis.com/books/9780429094163
942 _cEBOOK
999 _c1610768
_d1610768